Daily Capital City Riddle #49 - Statistics

General Stats
  • This quiz has been taken 56 times
  • The average score is 28 of 40
Answer Stats
Type Answer % Correct
Alphabet Letter N
100%
Found Letter I
98%
Alphabet Letter O
98%
Alphabet Letter T
98%
Found Letter A
95%
Found Letter C
95%
Alphabet Letter R
95%
Found Letter E
93%
Found Letter D
90%
Alphabet Letter G
90%
Alphabet Letter B
88%
Alphabet Letter S
88%
Found Letter U
88%
Alphabet Letter H
85%
Found Letter L
85%
Found Letter P
85%
Alphabet Letter M
83%
Alphabet Letter W
80%
Alphabet Letter K
75%
Correctly Placed Letter A
73%
Alphabet Letter Y
68%
Alphabet Letter V
65%
Correctly Placed Letter C
63%
Alphabet Letter J
60%
Correctly Placed Letter D
58%
Correctly Placed Letter I
58%
Alphabet Letter X
58%
Correctly Placed Letter A
53%
Correctly Placed Letter D
53%
Correctly Placed Letter D
53%
Correctly Placed Letter E
50%
Alphabet Letter F
50%
Correctly Placed Letter U
48%
Found Letter Z
48%
Alphabet Letter Q
45%
Correctly Placed Letter A
43%
Mystery Capital Ciudad de la Paz
43%
Correctly Placed Letter L
43%
Correctly Placed Letter P
43%
Correctly Placed Letter Z
43%
No matching quizzes found
Score Distribution
Percent of People with Each Score
Percentile by Number Answered
Your Score History
You have not taken this quiz